TOP 15 Buteurs Equipe de France de football - Statistiques

Statistiques générales
  • Ce quiz a été pris 4 707 fois
  • Le résultat moyen est 9 sur 15
Statistiques - réponses
Hint Réponse % Correct
46 buts Olivier Giroud
99%
24 buts Kylian Mbappé
97%
51 buts Thierry Henry
97%
42 buts Antoine Griezmann
95%
31 buts Zinédine Zidane
91%
36 buts Karim Benzema
84%
41 buts Michel Platini
82%
34 buts David Trezeguet
67%
30 buts Just Fontaine
61%
30 buts Jean-Pierre Papin
52%
28 buts Youri Djorkaeff
30%
26 buts Sylvain Wiltord
21%
21 buts Jean Nicolas
1%
22 buts Jean Vincent
1%
20 buts Paul Nicolas
1%
Aucun quiz correspondant
Distribution des résultats
% des personnes avec chaque résultat
Percentile par nombre de réponses
Votre historique - résultats
Vous n’avez pas pris ce quiz